| Tag |
First Indicator |
Second Indicator |
Subfields |
| LEADER |
00000cas a2200000ua 4500 |
| 001 |
in00001290164 |
| 005 |
20160106123906.0 |
| 008 |
900122c19uu9999gw ar p s0 b0ger d |
| 035 |
|
|
|a (OCoLC)28607912
|
| 035 |
|
|
|9 AGZ8621AM
|
| 040 |
|
|
|a CUY
|c CUY
|d UtOrBLW
|
| 043 |
|
|
|a e-ge---
|
| 049 |
|
|
|a TXAE
|
| 090 |
|
|
|a NX550.R67
|b .A46
|
| 245 |
0 |
0 |
|a Almanach für Kunst und Kultur im Ostsee Bezirk.
|
| 264 |
|
1 |
|a [Rostock] :
|b Rat des Bezirkes Rostock, Abteilung Kultur.
|
| 300 |
|
|
|a volumes :
|b illustrations ;
|c 28 cm.
|
| 336 |
|
|
|a text
|b txt
|2 rdacontent
|
| 337 |
|
|
|a unmediated
|b n
|2 rdamedia
|
| 338 |
|
|
|a volume
|b nc
|2 rdacarrier
|
| 500 |
|
|
|a Title from cover.
|
| 500 |
|
|
|a Description based on: 7. (1984).
|
| 546 |
|
|
|a Text in german.
|
| 651 |
|
0 |
|a Rostock (Germany : Regierungsbezirk)
|x Civilization
|x Periodicals.
|
| 651 |
|
0 |
|a Rostock (Germany : Regierungsbezirk)
|x Antiquities
|x Periodicals.
|
| 650 |
|
0 |
|a Arts
|z Germany
|z Rostock (Germany : Regierungsbezirk)
|x Periodicals.
|
| 710 |
1 |
|
|a Rostock (Germany : Bezirk).
|b Abteilung Kultur.
|
| 948 |
|
|
|a C:BS
|
| 999 |
|
|
|a MARS
|
| 999 |
f |
f |
|s dbf6100f-b682-379e-9330-1c35b31d00de
|i ded7ce19-3963-37a0-a64f-91ef84256027
|t 0
|
| 952 |
f |
f |
|p normal
|a Texas A&M University
|b College Station
|c Sterling C. Evans Library
|d Evans: Library Stacks
|t 0
|e NX550.R67 .A46
|h Library of Congress classification
|i unmediated -- volume
|k 8
|l 1985
|m A14822006566
|
| 952 |
f |
f |
|p normal
|a Texas A&M University
|b College Station
|c Sterling C. Evans Library
|d Evans: Library Stacks
|t 0
|e NX550.R67 .A46
|h Library of Congress classification
|i unmediated -- volume
|k 11
|l 1988
|m A14822006710
|
| 952 |
f |
f |
|p normal
|a Texas A&M University
|b College Station
|c Sterling C. Evans Library
|d Evans: Library Stacks
|t 0
|e NX550.R67 .A46
|h Library of Congress classification
|i unmediated -- volume
|k 9
|l 1986
|m A14822006613
|
| 952 |
f |
f |
|p normal
|a Texas A&M University
|b College Station
|c Sterling C. Evans Library
|d Evans: Library Stacks
|t 0
|e NX550.R67 .A46
|h Library of Congress classification
|i unmediated -- volume
|k 7
|l 1984
|m A14822006516
|
| 952 |
f |
f |
|p normal
|a Texas A&M University
|b College Station
|c Sterling C. Evans Library
|d Evans: Library Stacks
|t 0
|e NX550.R67 .A46
|h Library of Congress classification
|i unmediated -- volume
|k 10
|l 1987
|m A14822006663
|
| 998 |
f |
f |
|a NX550.R67 .A46
|s 7 (1984)-11 (1988)
|t 0
|l Evans: Library Stacks
|